LEADER 01465nam a2200325 a 4500 001 000000129292 003 CaOOAMICUS 005 20120613131618.0 008 120613s2012 it u000 u ita r 020 $a978-88-13-31703-4 040 $aPUL$bita 082 04$a347.45 100 1 $aGenghini, Lodovico.$0(OLS)http://pul/name/75978 245 13$aLe successioni per causa di morte /$cLodovico Genghini, Carlo Carbone. 260 $aPadova :$bCEDAM,$c2012. 300 $a2 v. ;$c25 cm 490 1 $aManuali notarili ;$v04 650 4$aNotariato$zItalia$vManuali.$0(OLS)http://pul/subject/21802 650 4$aSuccessione (diritto).$0(OLS)http://pul/subject/1242 700 1 $aCarbone, Carlo.$0(OLS)http://pul/name/82766 830 0$aManuali notarili ;$v04.$0(OLS)http://pul/title/152657 850 $aPUL 852 $aPUL$W1$xSL Diritto e Scienze Sociali 3$y79$m347. 45 GENLO 1.4.1$j149718$qDDC 21$q$av. 1$B148240$CPULBib$Z2$F148240 $H120077 $81 852 $aPUL$W1$xSL Diritto e Scienze Sociali 3$y79$m347. 45 GENLO 1.4.2$j149719$av. 2$qDDC 21$B148241$CPULBib$Z2$F148241 $H120078 $82 941 1 $a9 996 $6020$a978-88-13-31703-4$9(OLS)http://pul/number/150007 996 $6082$a347.45$9(OLS)http://pul/classification/384 996 $6245$aLe successioni per causa di morte$9(OLS)http://pul/title/163389 996 $6260$aPadova :$bCEDAM$9(OLS)http://pul/publisher/48126 LEADER 01265nam a2200241 u 4500 001 000000090535 003 CaOOAMICUS 005 20070226124732.0 008 051215s1969 it adf u000 u ita u 035 $a11072690 040 $aPUL(R)$bita 111 2 $aConvegno di Studi sulla civiltà contemporanea$n(2 :$d1968 :$cReocaro Terme).$0(OLS)http://pul/name/58563 245 13$aIl dialogo fra le culture :$bAtti del 2° Convegno di Studi sulla Civiltà Contemporanea Recoaro terme 12-15 settembre 1968 /$ca cura del Centro Studi "N. Rezzara". 260 $aVicenza :$bCentro Studi Rezzara,$c1969. 300 $a526 p., [4] c. di tav. :$bdiagr., ill. ;$c22 cm 504 $aBibliografia in nota. 650 4$aMulticulturalismo.$0(OLS)http://pul/subject/23034 710 2 $aCentro studi "Nicolò Rezzara".$0(OLS)http://pul/name/23720 850 $aPUL 852 $aPUL$W1$xDP1 Fondo Pastorale$y55$mP18 B 63$j114234$nBK-PRI$b $qFondi$B114234$CPULBib$Z2$F114234 $H $81 941 1 $a1 996 $6245$aIl dialogo fra le culture :$bAtti del 2° Convegno di Studi sulla Civiltà Contemporanea Recoaro terme 12-15 settembre 1968$9(OLS)http://pul/title/116915 996 $6260$aVicenza :$bCentro Studi Rezzara$9(OLS)http://pul/publisher/78495